Postuláty teórie konkurenčnej schopnosti ekonomiky v novom globálnom prostredí

Genéza teórie konkurencieschopnosti s vymedzením pojmov komparatívna a konkurenčná schopnosť. Analýza jednotlivých foriem konkurenčného prostredia od klasických determinantov po najnovšie aspekty elektronickej konkurencieschopnosti.

Salvato in:
Dettagli Bibliografici
Autore principale: Vokorokosová, Renáta, 1967-
Natura: Capitolo di libro
Lingua:slovacco
Soggetti:
Tags: Aggiungi Tag
Nessun Tag, puoi essere il primo ad aggiungerne!!

MARC

LEADER 00000naa$a2200000$$$4500
001 0027607
005 20240502083123.4
041 0 |a slo 
044 |a CZ 
245 1 0 |a Postuláty teórie konkurenčnej schopnosti ekonomiky v novom globálnom prostredí  |c Renáta Vokorokosová 
520 |a Genéza teórie konkurencieschopnosti s vymedzením pojmov komparatívna a konkurenčná schopnosť. Analýza jednotlivých foriem konkurenčného prostredia od klasických determinantov po najnovšie aspekty elektronickej konkurencieschopnosti. 
610 2 0 |a konkurencieschopnosť 
610 2 0 |a pojmy 
610 2 0 |a konkurencia 
610 2 0 |a technológie informačné 
610 2 0 |a technológie komunikačné 
610 2 0 |a integrácia ekonomická medzinárodná 
610 2 0 |a teória konkurencie 
610 2 0 |a výhody komparatívne 
610 2 0 |a výhody konkurenčné 
100 1 |a Vokorokosová, Renáta, 1967-